01024nam a2200193 a 450000100060000000300090000600800410001502000150005604000280007108200150009910000270011424500500014126000410019130000110023249000380024350504710028165000450075265000330079718922CO-ViMGA141112s2004 ck r 000 u spa d a8474326508 aCO-ViMGAbspacCO-ViMGA04a302.2 M4711 aMirabito, Michael M.A.10aLas Nuevas tecnologías de la comunicación aBarcelona : bGedisa editorial; 1998 a415 p. aColección Gedisa Multimedia; 14 aLa Comunicacion en la epoca moderna Tecnologia digital Tecnologia computacional Almacenamiento, recuperacion y comunicacion de la informacion : Discos opticos, discos compactos Tecnologia de fibras opticas : holografía Satelites : tecnologia satelital, vehiculos de lanzamiento Autoedicion : escaners Multimedia y video de escritorio La tecnología computacional en las industrias de radio y televisio El teletexto y los sistemas interactivos Las teleconferencias14aCOMUNICACION - INNOVACIONES TECNOLOGICAS14aTECNOLOGIA DE LA INFORMACION